000 00311nam a22001337a 4500
003 SGT
082 _a345.06
_bBAR
100 _aBARE ACT
245 _aTHE BHARATIYA SAKSHYA ADHINIYAM 2023
260 _aGURUGRAM
_bLEXIS NEXIS
_c2024
300 _a70
653 _aEVIDENCE , EVIDENCE LAW
942 _2ddc
_cBK
_013
999 _c27891
_d27891